Canadian Fast Food Logos - Statistics

General Stats
  • This quiz has been taken 83 times
  • The average score is 8 of 16
Answer Stats
Picture Answer % Correct
A&W
95%
Tim Hortons
84%
Pizza Pizza
79%
Harvey's
78%
New York Fries
71%
Booster Juice
63%
Beaver Tails
50%
Second Cup
49%
Thai Express
41%
Freshii
39%
Mr. Sub
30%
Osmow's
24%
Teriyaki Experience
22%
Robin's Donuts
17%
Sushi Shop
17%
Pizza 73
8%
No matching quizzes found
Score Distribution
Percent of People with Each Score
Percentile by Number Answered
Your Score History
You have not taken this quiz